'T' in Geography Quiz Stats

Quiz Updated Jul 25, 2015

Challenge
Share
Tweet
Score 0/16 Timer 05:00
14 Plays Today
Question Answer % Correct
Which river, the UK's second longest, runs through its capital city?Thames
94.5%
What is the capital of the 'Sunshine State' (USA)?Tallahassee
79.4%
What country is the location of the ancient city-state, Carthage?Tunisia
71.7%
What name is given to the plateau region north-east of the Himalayas?Tibet
67%
Which lake at 8,372 km2 is the largest lake in South America?Titicaca
65.4%
Which island, also a state with capital Hobart, is separated from the mainland by the Bass Strait?Tasmania
64.2%
What city with San Diego forms the world's busiest land-border crossing?Tijuana
61.7%
What region of Italy, capital Firenze, is regarded as the birthplace of the Renaissance?Tuscany
57.8%
Question Answer % Correct
Which island is the most populous in French Polynesia?Tahiti
57.8%
Can you name the country whose flag is in the images above?Togo
56.8%
Which world capital was formerly named Edo?Tokyo
56.6%
Can you name the country whose outline is in the images above?Trinidad and Tobago
49.5%
Which island is separated into a sovereign state to the east and part of another to the west?Timor
43.8%
Can you name the landmark in the images above?Trevi Fountain
39.7%
What former sovereign state joined with Zanzibar to form Tanzania?Tanganyika
28%
Can you name the water body labelled in the images above?Tyrrhenian Sea
18.3%

You're not logged in!

Compare scores with friends on all Sporcle quizzes.
Join for Free
OR
Log In

You Might Also Like...

Show Comments

Extras

Top Quizzes Today


Score Distribution

Your Account Isn't Verified!

In order to create a playlist on Sporcle, you need to verify the email address you used during registration. Go to your Sporcle Settings to finish the process.

Report this User

Report this user for behavior that violates our Community Guidelines.

Details: